000 00667nam a2200253Ia 4500
005 20260121161309.0
008 008 260114s9999 xx 000 0 eng d
020 _a9781032651057
037 _aEBOOK
040 _aCRL
040 _beng
040 _cCRL
041 _2eng
041 _aeng
084 _qCRL
100 _aGareth Conyard; Nansi Ellis
_91042648
245 0 _aImproving Education Policy Together:How It’s Made, Implemented, and Can Be Done Better
260 _bTaylor and Francis
260 _c2024
856 _uhttp://www.taylorfrancis.com/books/9781032651057
942 _cEBOOK
999 _c1609464
_d1609464